000 01144nam a2200265Ia 4500
003 OSt
005 20221005111224.0
006 a|||||r|||| 00| 0
007 ta
008 221004b |||||||| |||| 00| 0 hin d
020 _a9788181437693 (hbk)
_c995
024 _a95554
037 _b1241, 02/03/2009, Pioneer Books Distributors
_cTextual
040 _aCRL
_cCRL
_bhin
041 _2hin
_ahin
082 _aV44Q7y7M76, 152P8
100 _aवोलपर्ट, स्टेनली
245 0 _aजिन्ना मुहम्मद अली से क़ायद - ए - आज़म जिन्ना
246 _aJinnā muhammad alī se क़āyad - e - āज़m jinnā
260 _aनई दिल्ली
_bवाणी प्रकाशन भारत
_c2008
300 _a433पृ0
_ccm.
700 _a दुबे, अभय कुमार, अनु.
_9623680
942 _hV44Q7y7M76, 152P8
_cTEXL
_2cc
999 _c1021191
_d1021191